1554 1332 1743 1264 1274 1063 1300 1372 1859 1627 1890 1732 1917 1985 1178 1659 1386 1622 1307 1421 1760 1869 1072 1873 1953 1101 1370 1996 1867 1539 1522 1777 1188 1037 1284 1077 1943 1105 1186 1946 1476 1982 1880 1133 1957 1791 1871 1387 1967 1555 1884 1295 1578 1841 1378 1903 1834 1701 1861 1459 1507 1296 1818 1437 1108 1034 1624 1818 1731 1967 1445 1963 1753 1993 1498 1432 1701 1383 1412 1303 1812 1511 1669 1638 1988 1508 1473 1711 1135 1841 1154 1638 1000 1375 1841 1932 1015 1088 1773 BCNSPRNW ULIB Ver.6.0+V

เปลี่ยนเป็นภาษาไทย

Change to English
 แสดงรายละเอียดบรรณานุกรม
  กลับหน้าหลัก

Brief Record : Get Marc (ISO 2709) : E-mail record : QR code < ปิดหน้าต่าง
LEADER : 00000nam 2200000uu 4500
001    13399113582
003     ULIB
008    111201s2553||||th 000 0 tha d
020    ^a9786165000482
090    ^aนว.^bณ429ญ 2553
100 0  ^aณารา
245 00 ^aญาณสื่อรัก/^cณารา
250    ^aพิมพ์ครั้งที่ 2
260    ^aกรุงเทพฯ :^bพิมพ์คำ,^c2553
300    ^a435 หน้า
710 1  ^aพิมพ์คำ
945    ^p270^l0^i16993
995    ^aกัณชพร
999    ^aใช้งานได้ทุกระบบ
รายการนี้ยังไม่มีแท็ก
คุณยังไม่ได้ล็อกอิน คุณสามารถมีกิจกรรมร่วมกับเว็บไซต์ได้ แต่ต้องล็อกอินก่อน ::
  ล็อกอิน

รายการสื่อสารสนเทศ

ลำดับที่ ประเภท เลขเรียก/บาร์โค้ด สถานที่ สถานะ
1. วิทยาศาสตร์การแพทย์ และสุขภาพ
วิทยาศาสตร์การแพทย์ และสุขภาพ
นว. ณ429ญ 2553  
  Barcode: 16993
ห้องสมุดวิทยาเขตสวรรค์ประชารักษ์
►นวนิยาย
บนชั้น
  ขอยืม

รายการใกล้เคียง
    ผู้แต่ง [ณารา]

BibComment


ยังไม่เคยถูกคอมเมนท์

คอมเมนท์ทรัพยากรรายการนี้
  คอมเมนท์: ญาณสื่อรัก ณารา


 Copyright 2026. Bcnsprnw @Library